Normal view
MARC view
Entry Topical Term
001 - CONTROL NUMBER
- control field: 128058
003 - CONTROL NUMBER IDENTIFIER
- control field: OSt
005 - DATE AND TIME OF LATEST TRANSACTION
- control field: 20230721143912.0
008 - FIXED-LENGTH DATA ELEMENTS
- fixed length control field: 230721|| aca||aabn | a|a d
040 ## - CATALOGING SOURCE
- Original cataloging agency: OSt
- Transcribing agency: OSt
150 ## - HEADING--TOPICAL TERM
- Topical term or geographic name entry element: Kannada Prose: ಕನ್ನಡ ಗದ್ಯ
670 ## - SOURCE DATA FOUND
- Source citation: Work cat.: (OSt): Rupa Hasana: ರೂಪ ಹಾಸನ 128057, Evala Bharatha: Hennodala Hadupadina Barahaguchcha, 2023